000 00763cam a2200169 4500500
005 20260405005201.0
041 _afre
042 _adc
100 1 0 _aFerrari, Jérôme
_eauthor
700 1 0 _aRose, Sean
_eauthor
245 0 0 _aThe force of images and rites
260 _c2018.
500 _a91
520 _aIn his new book À son image, Jérôme Ferrari delves into the themes that he sees as important: death, acts of violence, faith, and relationships to images. The 2012 Goncourt winner for The Sermon on the Fall of Rome has produced another head-spinning and mystical novel.
786 0 _nÉtudes | ovember | 11 | 2018-10-15 | p. 95-102 | 0014-1941
856 4 1 _uhttps://shs.cairn.info/journal-etudes-2018-11-page-95?lang=en&redirect-ssocas=7080
999 _c2081694
_d2081694